División de la ARI: resumen de un debate /
Збережено в:
| Автор: | |
|---|---|
| Формат: | Текст |
| Предмети: | |
| Теги: |
Додати тег
Немає тегів, Будьте першим, хто поставить тег для цього запису!
|
MARC
| LEADER | 00000 a a2200000 04500 | ||
|---|---|---|---|
| 001 | 17921 | ||
| 003 | |||
| 040 | |||
| 100 | |a López, Sinesio | ||
| 245 | |a División de la ARI: |b resumen de un debate / |c López Sinesio | ||
| 650 | |a MOVIMIENTOS SOCIALES | ||
| 650 | |a POLITICA | ||
| 650 | |a CRISIS | ||
| 650 | |a PERU | ||
| 773 | |g volumen 4, número 17; (1980) páginas 201-202 | ||
| 999 | |c 30436 |d 30436 | ||
| 773 | 0 | |0 42391 |9 3820 |a Agencia Latinoamericana de Información, ALAI |d Quito, Ecuador: ALAI |o 04300 |t ALAI: |x 08275564 (Servicio mensual de información y documentación) | |
